History of Firsts #1 - Sport - Statistics

General Stats
  • This quiz has been taken 22 times
  • The average score is 4 of 15
Answer Stats
First Ever.. YEAR Answer % Correct
Football World Cup Winners 1930 Uruguay
100%
Rugby world Cup Winners 1987 New Zealand
71%
Ice-Hockey World Champions 1920 Canada
50%
Superbowl Champions 1967 Green Bay Packers
50%
Cricket World Cup Winners 1975 West Indies
43%
World-Series WInners (Baseball) 1903 Boston Red-Sox
21%
Sub 10 second 100m Athlete 1968 Jim Hines
21%
World Heavyweight Boxing Champion 1885 John Sullivan
21%
UFC Heavyweight Champion 1996 Mark Coleman
7%
football club 1857 Sheffield F.C.
7%
Wimbledon Tennis Champion 1877 Spencer Gore
7%
Olympic (modern) 100m Winner (men) 1896 Thomas Burke
7%
Open Championship Winner (Golf) 1860 Willie Park Sr.
7%
Modern Marathon Winner 1896 Louis Spyridon
0%
World downhill Skiing Champion 1931 Walter Prager
0%
No matching quizzes found
Score Distribution
Percent of People with Each Score
Percentile by Number Answered
Your Score History
You have not taken this quiz